Robust statistical procedures /
Guardado en:
| Autor Principal: | |
|---|---|
| Formato: | Libro |
| Idioma: | English |
| Publicado: |
Philadelphia :
Society for Industrial and Applied Mathematics,
c1977.
|
| Series: | Regional conference series in applied mathematics ;
27 |
| Materias: | |
| Etiquetas: |
Agregar Etiqueta
Sin Etiquetas, Sea el primero en etiquetar este registro!
|
| LEADER | 00722nam a2200217 a 4500 | ||
|---|---|---|---|
| 001 | MAT.inmabb002619 | ||
| 008 | 780714s1977####pau######b####000#0#eng## | ||
| 005 | 20110316163954.0 | ||
| 245 | 1 | 0 | |a Robust statistical procedures / |c Peter J. Huber. |
| 260 | |a Philadelphia : |b Society for Industrial and Applied Mathematics, |c c1977. | ||
| 300 | |a v, 56 p. ; |c 25 cm. | ||
| 440 | 0 | |a Regional conference series in applied mathematics ; |v 27 | |
| 504 | |a Bibliografía: p. 55-56. | ||
| 020 | |a 0898710243 | ||
| 100 | 1 | |a Huber, Peter J. | |
| 650 | 0 | |a Robust statistics. | |
| 650 | 0 | |a Distribution (Probability theory) | |
| 084 | |a 62F35 |2 msc2000 | ||
| 010 | |a 78103541 | ||
| 040 | |a DLC |c DLC |d DLC | ||
| 859 | |h 62 |i H877 |p A-5042 |b BIB. MATEMATICA | ||
